|
|
|
|
| LEADER |
00757nam a22001931 4500 |
| 001 |
c000343313 |
| 003 |
CARM |
| 005 |
00000000000000.0 |
| 008 |
850719s1965 enk 0 eng d |
| 019 |
1 |
|
|a 27838578
|z 3921707
|5 LACONCORD2021
|
| 035 |
|
|
|a (OCoLC)3109821
|5 LACONCORD2021
|
| 100 |
1 |
|
|a Jackson, Brian.
|
| 245 |
1 |
0 |
|a English versus examinations :
|b a handbook for English teachers /
|c ed. by B.Jackson.
|
| 260 |
|
|
|a Lond. :
|b Chatto & Windus,
|c 1965.
|
| 650 |
|
0 |
|a English language
|x Study and teaching.
|
| 852 |
8 |
|
|b CARM
|h A1:AP27G0
|i B07928
|p 0353643
|f BK
|
| 082 |
0 |
4 |
|a 420.7
|
| 999 |
f |
f |
|i 8f30f812-55a5-591a-bb14-6e1a3c5e5ebf
|s a3944752-50d9-5bf8-a4c1-1ad14cb7fe52
|
| 952 |
f |
f |
|p Can circulate
|a CAVAL
|b CAVAL
|c CAVAL
|d CARM 1 Store
|e B07928
|f A1:AP27G0
|h Other scheme
|i book
|m 0353643
|